00388nam a2200145Ia 4500008004100000020001800041041001200059082001100071100001600082245007900098260003200177300000900209650000700218700001700225221030s9999 xx 000 0 und d a8188114140507 aEnglish a105.23 aG. G. Bhise 0aEngineering Network Analysis & Filter Designcby G. G. Bhise, P. R. Chadha bUmesh Pub.aNew Delhic2009 a1072 aEE aP. R. Chadha